Players of National Teams - Norway - Statistics

General Stats
  • This quiz has been taken 7 times
  • The average score is 16 of 28
Answer Stats
Pos. Team Player % Correct
FW Manchester City Erling Haaland
100%
RB Borussia Dortmund Julian Ryerson
100%
GK Sevilla FC Ørjan Nyland
100%
FW Atlético de Madrid Alexander Sørloth
80%
LW RB Leipzig Antonio Nusa
80%
LB Wolverhampton Wanderers David Møller Wolfe
80%
CB Brentford FC Kristoffer Ajer
80%
RW Fulham FC Oscar Bobb
80%
DM Fulham FC Sander Berge
80%
CM Manchester City Sverre Nypan
80%
AM Rangers FC Thelo Aasgaard
80%
RM FC Toulouse Aron Dønnum
60%
CM SK Brann Felix Horn Myhre
60%
FW Crystal Palace Jørgen Strand Larsen
60%
CB Genoa CFC Leo Østigård
60%
DM FK Bodø/Glimt Patrick Berg
60%
CB 1.FSV Mainz 05 Andreas Hanche-Olsen
40%
LW SL Benfica Andreas Schjelderup
40%
LB FK Bodø/Glimt Fredrik Bjørkan
40%
CM US Sassuolo Kristian Thorstvedt
40%
GK Hamburger SV Sander Tangvik
40%
CB Bologna FC Torbjørn Heggem
40%
GK Watford FC Egil Selvik
20%
CB Bologna FC Eivin Helland
20%
LW Aarhus GF Kristian Arnstad
20%
RB Torino FC Marcus Pedersen
20%
GK SK Brann Mathias Dyngeland
20%
RB 1.FC Köln Sebastian Sebulonsen
20%
No matching quizzes found
Score Distribution
Percent of People with Each Score
Percentile by Number Answered
Your Score History
You have not taken this quiz